Sociedad y cultura en la antigua Mesopotamia
Saved in:
| Main Author: | |
|---|---|
| Format: | Book |
| Language: | Spanish |
| Published: |
Madrid
Akal
1983
|
| Edition: | 2a. ed |
| Series: | Arqueología, 7
|
| Subjects: | |
| Tags: |
Add Tag
No Tags, Be the first to tag this record!
|
MARC
| LEADER | 00000nam a2200000 a 4500 | ||
|---|---|---|---|
| 001 | UCP8782 | ||
| 003 | CL-VaPUC | ||
| 008 | 000310e19830000SP |||||||||||||||||spa|d | ||
| 082 | 0 | 4 | |a 935 |b KLI |2 21 |
| 100 | |a Klima, Josef |e author |9 450063 | ||
| 245 | 1 | 0 | |a Sociedad y cultura en la antigua Mesopotamia |
| 250 | |a 2a. ed | ||
| 300 | |a 318 p | ||
| 942 | |c BK | ||
| 945 | |d 20000310 00:00:00 |a rherrera | ||
| 260 | |a Madrid |b Akal |c 1983 | ||
| 650 | 0 | |a Historia antigua |9 267521 | |
| 650 | 0 | |a Civilizaciones antiguas |9 265998 | |
| 650 | 7 | |a MESOPOTAMIA |2 CL-VaPUC |9 437558 | |
| 650 | 0 | |a Cultura y sociedad |9 367502 | |
| 583 | |a last modification |c 20000310 00:00:00 |k Rodrigo Vera | ||
| 490 | 0 | |a Arqueología, 7 | |
| 999 | |c 285668 |d 285666 | ||
| 952 | |0 0 |1 0 |4 0 |6 935_000000000000000_KLI_1983 |7 0 |8 A |9 330421 |a BIBHIS |b BIBHIS |d 2019-11-20 |i 1394428 |o 935 KLI 1983 |p 1394428 |r 2025-01-20 |w 2019-11-20 |y BK |k HIS | ||